[Event "Palafrugell Gelpi Memorial 28th"]
[Site "Palafrugell"]
[Date "2015.??.??"]
[Round "8"]
[White "Deulofeu Peramarch, Enric"]
[Black "Jacomet Rodriguez, Josep M"]
[Result "1-0"]
[WhiteElo "1797"]
[BlackElo "1696"]
[PlyCount "34"]
[EventDate "2015.09.26"]
[EventType "swiss"]
[EventRounds "9"]
[EventCountry "ESP"]
[SourceTitle "EXT 2017"]
[Source "ChessBase"]
[SourceDate "2016.10.25"]
[SourceVersion "1"]
[SourceVersionDate "2016.10.25"]
[SourceQuality "1"]

1. e4 e5 2. Nf3 Bb4 3. Bc4 Nc6 4. 0-0 d6 5. Nc3 Be6 6. Bxe6 fxe6 7. d3 Nf6 8. Ng5 0-0 9. Nxe6 Qe7 10. Nxf8 Rxf8 11. Qf3 Ng4 12. Qg3 Rf6 13. h3 Qf7 14. Qxg4 Rf4 15. Bxf4 exf4 16. Nd5 Bc5 17. Nxf4 Qf6 1-0

[Event "Palafrugell Gelpi Memorial 28th"]
[Site "Palafrugell"]
[Date "2015.??.??"]
[Round "2"]
[White "Jacomet Rodriguez, Josep M"]
[Black "Bonell Gleich, Xavier"]
[Result "0-1"]
[WhiteElo "1696"]
[BlackElo "1815"]
[PlyCount "28"]
[EventDate "2015.09.26"]
[EventType "swiss"]
[EventRounds "9"]
[EventCountry "ESP"]
[SourceTitle "EXT 2017"]
[Source "ChessBase"]
[SourceDate "2016.10.25"]
[SourceVersion "1"]
[SourceVersionDate "2016.10.25"]
[SourceQuality "1"]

1. e4 e6 2. Nc3 c6 3. Bd3 d6 4. Nf3 h6 5. 0-0 Be7 6. Qe1 Nd7 7. a3 Nc5 8. b3 b6 9. Bb2 Nxd3 10. cxd3 Nf6 11. Ra2 Nd7 12. Nd1 Nc5 13. Nc3 Nxd3 14. Bc1 Nxe1 0-1